01020nam a22002177a 4500003000200000005001700002008004100019050002500060100002800085245010700113260007100220300005200291500005200343504005600395650004600451650004900497650010200546942001200648999001900660952012300679020250212122639.0250212b xxu||||| |||| 00| 0 eng d aHF 5548.2b.V58 2024 aVitto, Marc Vincent S.  aOnline job order:ba web and mobile application for sisc administrative officec Marc Vincent S. Vitto aLas Pinas CitybSouthville International School and Collegesc2024 axviii, 189 pages:bcolored illustration;c28cm. aBachelor of Science in Information Technology.  aIncludes bibliographical references and appendices. aJob order management—Digital solutions. aSoftware development—Job order processing. aOffice information systems—Southville International School and Colleges--Administrative office. 2lcccTH c367180d367180 00102lcc40aCLbCLcTHESESd2025-02-12eDONATIONl0oHF 5548.2 .V58 2024pT1397r2025-02-12 00:00:00w2025-02-12yTH